| 000 | 00000nas##2200000za#4500 |
| 001 | 9.514041 |
| 003 | CaOODSP |
| 005 | 20220328113236 |
| 007 | ta |
| 008 | 150406c2002||||xxc|| p #||||f| |0fre|d |
| 022 | |a1921-7277 |
| 040 | |aCaOODSP|bfre |
| 043 | |an-cn--- |
| 086 | 1 |aIu61-2F |
| 110 | 1 |aCanada. |bIndustrie Canada. |
| 245 | 10|aPrix du Premier ministre pour l'excellence en éducation de la petite enfance. Lignes directrices et formulaire de mise en candidature |
| 260 | |aOttawa - Ontario : |bIndustrie Canada |
| 310 | |aAnnuel |
| 362 | 1 |a[200-?]-- |
| 520 | 3 |aRendent hommage aux éducateurs qui, par leur dévouement et leurs compétences, donnent aux enfants un bon départ qui les aide à réussir à l'école. |
| 691 | 07|aÉducation préscolaire|2gcpds |
| 691 | 07|aRécompense|2gcpds |
| 775 | 08|tPrime Minister's Awards for Excellence in Early Childhood Education. Guidelines and nomination form |w(CaOODSP)9.515718 |
| 776 | 0#|tPrix du Premier ministre pour l'excellence en éducation de la petite enfance. |w(CaOODSP)9.502517 |